| 000 | 00595nam a2200193Ia 4500 | ||
|---|---|---|---|
| 003 | GCL | ||
| 008 | 140319s9999 xx 000 0 ara d | ||
| 040 |
_aGCL / _cGCL |
||
| 082 | 0 | 4 |
_a370.1 _bس ن |
| 100 | 1 | _aسعيد اسماعيل على | |
| 245 | 1 | 0 |
_aنظرات فى الفكر التربوى / _cسعيد اسماعيل على |
| 260 |
_a[S.N] : _bدار سعاد الصباح ، _c1993 |
||
| 300 | _a267 ص | ||
| 490 |
_aدراسات فى التربية _v0 |
||
| 650 | 0 | 4 | _aالفلسفة |
| 650 | 0 | 4 | _aالتربية |
| 650 | 0 | 4 | _aالتربية والتعليم |
| 942 |
_2ddc _cBK |
||
| 999 |
_c29074 _d29074 |
||